000 01169nam a2200337 a 4500
001 27792
003 Mx-PuUPA
005 20250513145855.0
008 140415s1985 000 0 spa d
020 _a9683673333
040 _cMx-PuUPA
_aMx-PuUPA
_bspa
_dMx-PuUPA
_erda
041 0 _aspa
043 _acl-----
245 1 0 _aHistografía latinoamericana contemporánea /
_cIgnacio Sosa, Brian F. Connaughton, coordinadores
250 _aPrimera edición
264 1 _aMéxico, D.F. :
_bCentro Coordinador y Difusor de Estudios Latinoamericanos ;
_bUniversidad Nacional Autónoma de México,
_c1999
300 _a270 páginas ;
_c21 cm
336 _2rdacontent
_atexto
_btxt
337 _2rdamedia
_asin medio
_bn
338 _2rdacarrier
_avolumen
_bnc
650 7 _2armarc
_913986
651 4 _aAmérica Latina
_xHistoriografía
651 4 _aArgentina
_xHistoriografía
651 4 _aMéxico
_xHistoriografía
700 1 _aSosa, Ignacio,
_ecoordinador
700 1 _aConnaughton, Brian F.
_ecoordinador
942 _2ddc
_cLI
_h980
_iH47
999 _c27792
_d27792